Mother Teresa : friend of the friendless /

Describes the work of Mother Teresa with the poor of India and how she came to devote her life to bringing not just goods and services to those in need, but also love.

Bibliographic Details
Main Author: Greene, Carol
Format: Book
Language:English
Published: Chicago : Childrens Press, [1983]
Series:Picture-story biographies.
Subjects:

MARC

Tag First Indicator Second Indicator Subfields
LEADER 00000cam a2200000 a 4500
001 in00000030952
005 20171108123823.0
008 830415s1983 ilua j 00010beng
010 |a  83007386  
020 |a 0516035592 (lib. bdg.) 
035 |a (OCoLC)09464703 
035 |9 AAB6595AM 
040 |a DLC  |c DLC  |d m/c  |d TXA  |d UtOrBLW 
043 |a a-ii--- 
049 |a [Curr Col] TXAM  |c [A11111251] 
050 0 0 |a BX4406.5.Z8  |b G73 1983 
082 0 |a 271/.97  |a B  |a 92  |2 19 
100 1 |a Greene, Carol. 
245 1 0 |a Mother Teresa :  |b friend of the friendless /  |c by Carol Greene. 
264 1 |a Chicago :  |b Childrens Press,  |c [1983] 
264 4 |c ©1983 
300 |a 31 pages :  |b illustrations ;  |c 25 cm. 
336 |a text  |b txt  |2 rdacontent 
337 |a unmediated  |b n  |2 rdamedia 
338 |a volume  |b nc  |2 rdacarrier 
490 1 |a Picture-story biographies 
520 |a Describes the work of Mother Teresa with the poor of India and how she came to devote her life to bringing not just goods and services to those in need, but also love. 
600 0 0 |a Teresa,  |c Mother, Saint,  |d 1910-1997  |v Juvenile literature. 
650 0 |a Nuns  |z India  |z Kolkata  |v Biography  |v Juvenile literature. 
651 0 |a Calcutta (India)  |x Biography  |v Juvenile literature. 
600 0 1 |a Teresa,  |c Mother, Saint,  |d 1910-1997. 
650 1 |a Nuns. 
830 0 |a Picture-story biographies. 
999 |a MARS 
999 f f |s db0e48c7-c74e-33b0-91a1-b7dd2ba9edfe  |i e034aa1f-8486-36d5-bfc6-8a6bef396757  |t 0 
952 f f |p ric  |a Texas A&M University  |b Rellis Campus  |c Joint Library Facility  |d Remote Storage  |t 0  |e BX4406.5.Z8 G73 1983  |h Library of Congress classification  |i unmediated -- volume  |m A14811111251 
998 f f |a BX4406.5.Z8 G73 1983  |t 0  |l Remote Storage